000 00855nam a2200217 i 4500
001 14744
003 ES-MaACL
005 20251112155551.0
007 t|
008 990531s1998 sp ||||1| spa d
080 _a316.77
245 0 3 _aLa credibilidad de los medios de comunicación en España
_b: I Curso de Verano de la Asociación de la Prensa de Madrid : El Escorial, 13 al 17 de julio de 1998.
250 _a1ª ed.
260 _aMadrid :
_bAsociación de la Prensa de Madrid,
_c1998.
300 _a254 p. :
_bil. ;
_c24 cm.
650 1 4 _aMedios de comunicación social y opinión pública.
_914981
710 2 _aAsociación de la Prensa de Madrid
_91608
711 2 _aCurso de verano de la Asociación de la Prensa de Madrid
_n(1º.
_d1998.
_cEl Escorial)
_9608
852 _aES-MaACL
_jL-21917
_bR.127324
999 _c14744
_d14744